Numismática mexicana /

Descripción de algunas monedas y billetes que existieron en México y que fueron expuestas en la Pinacoteca Marqués del Jaral de Berrio.

محفوظ في:
التفاصيل البيبلوغرافية
التنسيق: كتاب
اللغة:الإسبانية
الموضوعات:
الوسوم: إضافة وسم
لا توجد وسوم, كن أول من يضع وسما على هذه التسجيلة!

MARC

LEADER 00000nam^a2200000^a^4500
001 000130881
005 20250521000000.0
009 20260310095002.291
037 |a Acervo ITESO - Biblioteca 
041 |a ESP 
082 |a 737. 4972  |b NUM 
245 0 0 |a Numismática mexicana / 
264 |a México :  |b Banco Nacional de México, Fomento Cultural,  |c 1977 
300 |a 23 p. 
336 |a texto  |b txt  |2 rdacontenido 
337 |a sin mediación  |b n  |2 rdamedio 
338 |a volumen  |b nc  |2 rdasoporte 
520 |a Descripción de algunas monedas y billetes que existieron en México y que fueron expuestas en la Pinacoteca Marqués del Jaral de Berrio. 
649 |a XX 
650 |a Dinero -  |z México 
650 |a Numismática -  |z México 
650 |a México -  |x Historia 
910 |a Fondo Salvador Reynoso Reynoso 
920 |a Impresos - Libros 
930 |a Fondos Especiales 
905 |a 112 
901 |a 0800011808  |b IT2  |c ESP  |u 20250521 
902 |a https://opac.biblio.iteso.mx/vufind/Record/000130881